| 000 | 01073nam a22002177a 4500 | ||
|---|---|---|---|
| 999 |
_c5978 _d5978 |
||
| 003 | OSt | ||
| 005 | 20260108094641.0 | ||
| 008 | 260108b ||||| |||| 00| 0 eng d | ||
| 020 | _a9780190983055 | ||
| 040 | _cKH8 | ||
| 082 | _a495.1 OXF | ||
| 130 | _aOxford Concise | ||
| 245 |
_aOxford Concise : _bEnglish - Chinese, Chinese - English Dictionary. |
||
| 260 |
_aChina ; _bOxford University Press , _c2021. |
||
| 300 |
_aiv, 530 pages : _c20 cm. |
||
| 520 | _aThe Oxford Concise English - Chinese, Chinese- English Dictionary is an essential guide for learners of English and Chinese. This fifth edition, with its content fully updated and revised, continues to emphasize the reading, speaking and writing aspects of language learning. New words and meanings are included to reflect technological innovations, as well as changes in economy, culture and society. The dictionary is tailored to meet the needs of learners today for easy and quick reference. | ||
| 650 |
_aChinese _vlanguage |
||
| 650 |
_aEnglish _vlanguage |
||
| 650 | _aReference book | ||
| 942 |
_2ddc _cTR |
||